| 000 | 01758nam a2200325 a 4500 | ||
|---|---|---|---|
| 001 | ASIN0061651354 | ||
| 005 | 20170105102910.0 | ||
| 008 | 131029s2009 xxu eng d | ||
| 020 |
_a0061651354 (hardcover) _c$27.99 |
||
| 020 | _a9780061651359 (hardcover) | ||
| 040 | _a0 | ||
| 050 | 0 | 4 | _aUB148 |
| 082 | 0 | 4 | _a956.704431 |
| 100 | 1 | _aSimons, Suzanne. | |
| 245 | 1 | 0 |
_aMaster of war : _bblackwater usa's erik prince and the business of war / _cSuzanne Simons. |
| 250 | _aEnglish Language ed. | ||
| 260 |
_a[S.l.] : _bHarper, _c2009. |
||
| 300 |
_a288 p. ; _c23 cm. |
||
| 520 | _a“Suzanne Simons is a masterful storyteller. But make no mistake— Master of War is not a work of fiction….A powerful and true account.” —Wolf Blitzer, anchor, CNN’s The Situation Room Master of War is the riveting true story of Eric Prince, the ex-Navy SEAL who founded Blackwater and built the world’s largest military contractor, privatizing war for client nations around the world. A CNN producer and anchor, Suzanne Simons is the first journalist to get deep inside Blackwater—and, as a result of her unprecedented access, Master of War provides the most complete and revelatory account of the rise of this powerful corporate army and the remarkable entrepreneur who brought it into being, while offering an eye-opening, behind-the-scenes look at the wars in Iraq and Afghanistan. | ||
| 650 | 0 | _aAfghan War (2001-) | |
| 650 | 0 | _aBlackwater USA | |
| 650 | 0 | _aBusinessmen | |
| 650 | 0 | _aEconomics | |
| 650 | 0 | _aMercenary troops | |
| 650 | 0 | _aMiddle East | |
| 650 | 0 | _aPrivate military companies | |
| 650 | 0 | _aUnited States | |
| 856 | 4 | 0 |
_3Amazon.com _uhttp://www.amazon.com/exec/obidos/ASIN/0061651354/chopaconline-20 |
| 942 |
_2ddc _cBK |
||
| 999 |
_c15090 _d15090 |
||